Estática gráfica

Saved in:
Bibliographic Details
Main Author: Henkel, Otto
Other Authors: Gay, Joaquín, Kurt, Fizia
Format: Book
Language:Spanish
Published: Madrid, Barcelona : Editorial Labor 1931
Edition:Segunda edición española traducida directamente de la segunda edición Alemana
Series:Manuales Técnicos Labor
Tags: Add Tag
No Tags, Be the first to tag this record!

MARC

LEADER 00000nam a2200000Ia 4500
003 002454
005 20221231143950.0
008 140114s1931 sp a 000 ||spa d
040 |c cru CEDI 
082 |a 624.171.2 H513e 
100 |a Henkel, Otto  |9 21544 
245 |a Estática gráfica  
250 |a Segunda edición española traducida directamente de la segunda edición Alemana  
260 |a Madrid, Barcelona : Editorial Labor  |c 1931 
300 |a 402 páginas :ilustraciones 
440 |a Manuales Técnicos Labor  |9 19016 
700 |9 21506  |a Gay, Joaquín 
700 |9 21505  |a Kurt, Fizia 
942 |2 ddc  |c BK 
999 |c 14909  |d 14909